Regulación de las tarjetas de crédito en Costa Rica = Credit cards' control in Costa Rica /
Saved in:
| Main Author: | |
|---|---|
| Format: | Text |
| Tags: |
Add Tag
No Tags, Be the first to tag this record!
|
MARC
| LEADER | 00000 a a2200000 04500 | ||
|---|---|---|---|
| 001 | 47118 | ||
| 003 | |||
| 040 | |||
| 090 | |a REV0862 139(I)2013 | ||
| 100 | |a Chaves González, Luis Alberto | ||
| 245 | |a Regulación de las tarjetas de crédito en Costa Rica = |b Credit cards' control in Costa Rica / |c Luis Alberto Chaves González | ||
| 773 | |g número139, (2013), páginas 151-160 | ||
| 999 | |c 22837 |d 22837 | ||
| 773 | 0 | |0 18728 |9 3011 |a Universidad de Costa Rica |d San José, Costa Rica Editorial UCR 1956- |o 16172 |t Revista de Ciencias Sociales/ |x 04825276 | |
